Familia y valores: modulo 2: escuela de padres, un proyecto común (Registro nro. 4231)
[ vista simple ]
| 000 -Cabecera | |
|---|---|
| Campo de control de longitud fija | 00561aam a2200205 4500 |
| 005 - Fecha y hora de la última transacción | |
| Campo de control | 20230928191100.0 |
| 008 - Elementos de longitud fija--Información general | |
| Campo de control de longitud fija | 150407b2001 xxu||||| |||| 00| 0 spa d |
| 020 ## - International Standard Book Number | |
| Número Internacional Estándar del Libro (ISBN) | 9582001658 |
| 041 ## - Idioma | |
| Código de idioma | Español |
| 082 ## - Clasificación Decimal Dewey | |
| Número de clasificación | 303.372 S939f2 |
| 100 ## - Entrada principal--Autor personal | |
| Nombre personal | Suárez Higuera, Mariela |
| 9 (RLIN) | 31966 |
| 245 ## - Título propiamente dicho | |
| Título | Familia y valores: modulo 2: escuela de padres, un proyecto común |
| 260 ## - Pie de imprenta | |
| Lugar de publicación, distribución, etc. | Colombia |
| Nombre del editor, distribuidor, etc. | Magisterio |
| Fecha de publicación, distribución, etc. | 2001 |
| 300 ## - Descripción física | |
| Extensión | 147 páginas |
| 650 ## - Materia general | |
| Temática (materia general) | FAMILIA |
| 650 ## - Materia general | |
| Temática (materia general) | PAREJA |
| 650 ## - Materia general | |
| Temática (materia general) | MATRIMONIO |
| 650 ## - Materia general | |
| Temática (materia general) | PROYECTO DE VIDA |
| 942 ## - Punto de acceso adicional KOHA | |
| Tipo de ítem KOHA | Libro |
| Fuente del sistema de clasificación o colocación | Dewey Decimal Classification |
| Signatura completa | Código de barras | Tipo de ítem |
|---|---|---|
| 303.372 S939f2 | 8707 | Libro |